[Event "Ludwigshafen-ch 21st"]
[Site "Ludwigshafen"]
[Date "2007.08.25"]
[Round "1"]
[White "Karapanagiotidis, Nikolaos"]
[Black "Wild, Heinz Oskar"]
[Result "0-1"]
[WhiteElo "1213"]
[BlackElo "1800"]
[PlyCount "72"]
[EventDate "2007.08.25"]
[EventType "swiss"]
[EventRounds "7"]
[EventCountry "GER"]
[SourceTitle "EXT 2008"]
[Source "ChessBase"]
[SourceDate "2007.11.25"]
[SourceVersion "1"]
[SourceVersionDate "2007.11.25"]
[SourceQuality "1"]

1. d4 d5 2. c4 c6 3. Nc3 e6 4. Nf3 Nf6 5. Bg5 Nbd7 6. e3 h6 7. Bh4 Qa5 8. Qa4 Qxa4 9. Nxa4 dxc4 10. Bxc4 b5 11. Bb3 bxa4 12. Bxa4 Bb4+ 13. Ke2 Ba6+ 14. Kd1 Bb5 15. Bb3 0-0 16. a4 Ba6 17. Rc1 Bb7 18. Bc4 a5 19. Bd3 Rac8 20. Ke2 c5 21. Bb5 cxd4 22. Rxc8 Rxc8 23. Rd1 Rc2+ 24. Kd3 Be4+ 25. Kxd4 Bxf3 26. gxf3 Rxb2 27. e4 e5+ 28. Kc4 Nc5 29. Bxf6 gxf6 30. Rg1+ Kf8 31. Rd1 Ke7 32. Kd5 Rxf2 33. Kc6 Rxf3 34. Rg1 Nxe4 35. Be2 Rc3+ 36. Kb7 Nc5+ 0-1